Operations Management Decision Making in the Operations Function

Guardado en:
Detalles Bibliográficos
Autor principal: Schroeder, Roger G.
Formato: Libro
Lenguaje:inglés
Publicado: New York MacGraw-Hill 1989
Edición:3. ed.
Materias:
Etiquetas: Agregar Etiqueta
Sin Etiquetas, Sea el primero en etiquetar este registro!

MARC

LEADER 00000nam a2200000 4500
001 c012924
005 20221206131523.1
041 0 |a eng 
044 |a US 
245 1 0 |a Operations Management  |b Decision Making in the Operations Function  |c Roger G. Schroeder 
250 |a 3. ed. 
264 1 |a New York  |b MacGraw-Hill  |c 1989 
300 |a 794 s. 
610 2 0 |a riadenie výroby 
610 2 0 |a dizajn 
610 2 0 |a proces výrobný 
610 2 0 |a plánovanie výroby 
610 2 0 |a rozvrhovanie výroby 
610 2 0 |a kapacita výrobná 
610 2 0 |a zásoby 
610 2 0 |a sily pracovné 
610 2 0 |a riadenie kvality 
610 2 0 |a kontrola kvality 
610 2 0 |a integrácia výroby 
610 2 0 |a štúdie prípadové 
610 2 0 |a JIT 
100 1 |a Schroeder, Roger G.